Anglická korespodence

Guardado en:
Detalles Bibliográficos
Formato: Libro
Lenguaje:inglés
checo
Publicado: Praha Kvasnička a Hampl 1947
Etiquetas: Agregar Etiqueta
Sin Etiquetas, Sea el primero en etiquetar este registro!

MARC

LEADER 00000nam a2200000 4500
001 0268843
005 20240822101713.0
041 0 |a eng 
041 0 |a cze 
044 |a -CS 
245 1 0 |a Anglická korespodence  |c Jiří Karas 
264 1 |a Praha  |b Kvasnička a Hampl  |c 1947